Estado de sitio. (Santiago Waria, Santiago rabia, Ciudad cero)

محفوظ في:
التفاصيل البيبلوغرافية
المؤلف الرئيسي: Hernández, Elvira
التنسيق: غير معروف
اللغة:الإنجليزية
منشور في: Santiago, Chile. Ediciones Universidad Diego Portales, 2020
الطبعة:1a.edición
الموضوعات:
الوسوم: إضافة وسم
لا توجد وسوم, كن أول من يضع وسما على هذه التسجيلة!

MARC

LEADER 00000 a2200000 4500
003 CL-VaPUC
005 20241025145144.0
008 210722b2020 ||||| |||| 00| 0 eng d
999 |c 433359  |d 433357 
020 |a 9789563144505 
040 |c Pontificia Universidad Católica de Valparaíso 
082 |a Ch861 HER 2020 
100 |a Hernández, Elvira   |9 862147 
245 |a Estado de sitio.  |b (Santiago Waria, Santiago rabia, Ciudad cero) 
250 |a 1a.edición  
260 |a Santiago, Chile.  |b Ediciones Universidad Diego Portales,   |c 2020 
300 |a 112 páginas  
500 |a 24-10-2024. Firmado por la autora. 24-10-2024. Páginas 19 y 95 palabras enmendadas por la autora. 
583 |k Cristina Rojas  |c 20210722 
650 0 |a Poesía chilena   |9 268403 
650 0 |a Mujeres   |x Poesía   |9 862401 
942 |2 ddc  |c BK 
952 |0 0  |1 0  |2 ddc  |4 0  |6 CH_861_000000000000000_HER_2020  |7 0  |8 F  |9 578509  |a BIBART  |b BIBART  |d 2021-07-28  |e 135  |g 16000.00  |i 5586690  |l 3  |o Ch861 HER 2020  |p 5586690  |r 2025-03-13  |s 2024-09-12  |t 1  |v 16000.00  |w 2021-07-28  |y BK_X  |k ART